• 首页
  • 本馆介绍
  • 公告通知
  • 最新文献
  • 馆藏检索
  • 电子资源
  • 读者导购
  • 参考咨询
  • 我的图书馆
  • 登录
  • 详细信息显示
  • 放入我的书架
  • 预约/预借图书
  • 作者相关作品
  • 分类相关作品
  • 丛书相关作品
  • 出版社相关作品

书目信息

  • 表格格式
  • 工作单格式
  • 卡片格式
题名:
现代化进程中的伦理秩序研究
    
 
作者: 高兆明 , 李萍 著
分册:  
出版信息: 北京   人民出版社  2007
页数: 16,557页
开本: 23cm
丛书名:
单 册:
中图分类: B82-052
科图分类:
主题词: 伦理学--中国--现代--研究 , 伦理学
电子资源:
ISBN: 978-7-01-006453-6
000 01242nam0 2200265 450
001 1257298719
005 20120930155613.76
010    @a978-7-01-006453-6@dCNY58.00
100    @a20080102d2007 em y0chiy50 ea
101 0  @achi
102    @aCN@b110000
105    @ay z 000yy
200 1  @a现代化进程中的伦理秩序研究@9xian dai hua jin cheng zhong de lun li zhi xu yan jiu@dThe ethical order in the course of modernization@f高兆明,李萍等著@zeng
210    @a北京@c人民出版社@d2007
215    @a16,557页@d23cm
300    @a教育部中国人民大学道德建设与伦理学研究基地重大项目《现代化进程中的伦理秩序比较研究》部分研究成果
330    @a本书以人类文明演进史为背景,通过对处于现代化进程中的当代中国社会伦理秩序变迁的概要性分析,揭示当代中国伦理秩序变迁的性质、特征、方向、任务与路径;并通过对美、日、俄三个具有典型代表意义国家的现代化进程中的伦理秩序变迁分析,以他山之石为鉴,为深刻理解当代中国社会伦理秩序变迁提供重要参照。
510 1  @aEthical order in the course of modernization@zeng
606 0  @a伦理学@y中国@z现代@x研究
606 0  @a伦理学
690    @aB82-052@v4
701  0 @a高兆明@9gao zhao ming@f(1954~)@4著
701  0 @a李萍@9li ping@c(女,@f1965~)@4著
801  0 @aCN@b91MARC@c20101222
905    @a10447@dB82-052@eJY224
    
    现代化进程中的伦理秩序研究=The ethical order in the course of modernization/高兆明,李萍等著.-北京:人民出版社,2007
    16,557页;23cm
    教育部中国人民大学道德建设与伦理学研究基地重大项目《现代化进程中的伦理秩序比较研究》部分研究成果
    
    ISBN 978-7-01-006453-6:CNY58.00
    本书以人类文明演进史为背景,通过对处于现代化进程中的当代中国社会伦理秩序变迁的概要性分析,揭示当代中国伦理秩序变迁的性质、特征、方向、任务与路径;并通过对美、日、俄三个具有典型代表意义国家的现代化进程中的伦理秩序变迁分析,以他山之石为鉴,为深刻理解当代中国社会伦理秩序变迁提供重要参照。
●
相关链接 在E读中查询图书 在五车中查询图书 在当当中查询图书 在豆瓣中查询图书


正题名:现代化进程中的伦理秩序研究     索取号:B82-052/JY224         预约/预借

序号 登录号 条形码 馆藏地/架位号 状态 备注
1 7829951   278299510   学院路分馆/ [索取号:B82-052/JY224] 在馆    
2 7829952   278299529   学院路分馆/ [索取号:B82-052/JY224] 在馆    
唐山师范学院图书馆 欢迎您!
大连网信软件有限公司© 版权所有